Tous les clubs ayant gagnés la ligue des champions - Statistiques

Statistiques générales
  • Ce quiz a été pris 117 fois
    15 depuis la dernière actualisation
  • Le résultat moyen est 17 sur 24
Statistiques - réponses
Nombre de victoires Dernier titre Clubs % Correct
1 2025 Paris Saint-Germain
100%
7 2007 AC Milan
92%
6 2020 Bayern Munich
92%
2 2021 Chelsea
92%
5 2015 FC Barcelone
92%
1 2023 Manchester City
92%
1 1993 Olympique de Marseille
92%
15 2024 Real Madrid
92%
3 2010 Internazionale
83%
6 2019 Liverpool
83%
3 2008 Manchester United
83%
4 1995 Ajax Amsterdam
75%
2 2004 FC Porto
75%
2 1996 Juventus
75%
1 1997 Borussia Dortmund
67%
1 1991 Etoile Rouge de Belgrade
67%
1 1988 PSV Eindhoven
58%
2 1962 SL Benfica
58%
1 1967 Celtic
50%
2 1980 Nottingham Forest
50%
1 1983 Hambourg SV
42%
1 1982 Aston Villa
33%
1 1970 Feyenoord
25%
1 1986 Steaua Bucarest
17%
Aucun quiz correspondant
Distribution des résultats
% des personnes avec chaque résultat
Percentile par nombre de réponses
Votre historique - résultats
Vous n’avez pas pris ce quiz depuis la dernière actualisation